000 00687cam a22002413a 4500
001 18602
003 PGUSA
005 20140828083409.0
008 060616s2006||||xxu|||||s|||||000 1 eng d
040 _aPGUSA
_beng
042 _adc
050 4 _aPS
100 1 _aSmith, George O.
_q(George Oliver),
_d1911-1981
245 1 4 _aThe Fourth "R"
_h[electronic resource] /
_cGeorge O. Smith
260 _bProject Gutenberg,
_c2006
506 _aPublic domain in the USA.
516 _aElectronic text
653 _aScience fiction
653 _aArtificial intelligence -- Fiction
830 0 _aProject Gutenberg
_v18602
856 4 0 _uhttp://www.gutenberg.org/ebooks/18602
942 _cEB
999 _c247857
_d247857